Normal view MARC view
  • MANOHAR AND CHETALEY

Entry Personal Name

Number of records used in: 1

001 - CONTROL NUMBER

  • control field: 6504

003 - CONTROL NUMBER IDENTIFIER

  • control field: OSt

005 - DATE AND TIME OF LATEST TRANSACTION

  • control field: 20210323141840.0

008 - FIXED-LENGTH DATA ELEMENTS

  • fixed length control field: 210323|| aca||aabn | a|a d

040 ## - CATALOGING SOURCE

  • Original cataloging agency: OSt
  • Transcribing agency: OSt

100 ## - HEADING--PERSONAL NAME

  • Personal name: MANOHAR AND CHETALEY

670 ## - SOURCE DATA FOUND

  • Source citation: Work cat.: (OSt): MANOHAR AND CHETALEY, THE AIR MANUAL CIVIL AND CRIMINAL [CONSTITUTION OF INDIA ARTICLE 19 TO ARTICLE 18] [VOL-9]